Southville International School and Colleges
Your cart is empty.
  • Cart
  • Lists
    Public lists Eva Luna New books Lux_list list_1
    Your lists Log in to create your own lists
  • Log in to your account
  • Your cookies
  • Search history
Southville International School and Colleges
  • Advanced search
  • Recent comments
  • Most popular
  • Libraries

Log in to your account

Log in with GOOGLE


If you do not have an external account, but do have a local account, you can still log in:

  1. Home
  2. MARC view: The 6 most important decisions you'll ever make :
Normal view MARC view ISBD view

The 6 most important decisions you'll ever make : (Record no. 288671)

[ view plain ]
MARC details
000 -LEADER
fixed length control field 01507cam a2200385 a 4500
001 - CONTROL NUMBER
control field 14649092
003 - CONTROL NUMBER IDENTIFIER
control field PILC
005 - DATE AND TIME OF LATEST TRANSACTION
control field 20150915123723.0
008 - FIXED-LENGTH DATA ELEMENTS--GENERAL INFORMATION
fixed length control field 061128s2006 nyua 001 0 eng d
010 ## - LIBRARY OF CONGRESS CONTROL NUMBER
LC control number 2006285738
020 ## - INTERNATIONAL STANDARD BOOK NUMBER
International Standard Book Number 0743265041 (pbk.)
020 ## - INTERNATIONAL STANDARD BOOK NUMBER
International Standard Book Number 9780743265041
035 ## - SYSTEM CONTROL NUMBER
System control number (OCoLC)ocm71805590
035 ## - SYSTEM CONTROL NUMBER
System control number (OCoLC)71805590
040 ## - CATALOGING SOURCE
Original cataloging agency KRL
Transcribing agency KRL
Modifying agency KRL
-- CPL
-- BAKER
-- DLC
042 ## - AUTHENTICATION CODE
Authentication code lccopycat
050 00 - LIBRARY OF CONGRESS CALL NUMBER
Classification number BJ 1661 .C873 2006
082 00 - DEWEY DECIMAL CLASSIFICATION NUMBER
Classification number 158.0835
100 1# - MAIN ENTRY--PERSONAL NAME
Personal name Covey, Sean.
245 14 - TITLE STATEMENT
Title The 6 most important decisions you'll ever make :
Remainder of title a guide for teens /
Statement of responsibility, etc Sean Covey.
246 3# - VARYING FORM OF TITLE
Title proper/short title Six most important decisions you'll ever make
260 ## - PUBLICATION, DISTRIBUTION, ETC. (IMPRINT)
Place of publication, distribution, etc New York :
Name of publisher, distributor, etc Fireside,
Date of publication, distribution, etc c2006.
300 ## - PHYSICAL DESCRIPTION
Extent 324 p. :
Other physical details ill. (some col.) ;
Dimensions 24 cm.
500 ## - GENERAL NOTE
General note "A Fireside Book."
504 ## - BIBLIOGRAPHY, ETC. NOTE
Bibliography, etc Includes bibliographical references (p. 310-311) and index.
650 #0 - SUBJECT ADDED ENTRY--TOPICAL TERM
Topical term or geographic name as entry element Teenagers
General subdivision Conduct of life.
650 #0 - SUBJECT ADDED ENTRY--TOPICAL TERM
Topical term or geographic name as entry element Teenagers
Form subdivision Life skills guides.
650 #0 - SUBJECT ADDED ENTRY--TOPICAL TERM
Topical term or geographic name as entry element Decision making in adolescence.
856 42 - ELECTRONIC LOCATION AND ACCESS
Materials specified Publisher description
Uniform Resource Identifier <a href="http://www.loc.gov/catdir/enhancements/fy0633/2006285738-d.html">http://www.loc.gov/catdir/enhancements/fy0633/2006285738-d.html</a>
856 41 - ELECTRONIC LOCATION AND ACCESS
Materials specified Sample text
Uniform Resource Identifier <a href="http://www.loc.gov/catdir/enhancements/fy0633/2006285738-s.html">http://www.loc.gov/catdir/enhancements/fy0633/2006285738-s.html</a>
856 41 - ELECTRONIC LOCATION AND ACCESS
Materials specified Table of contents only
Uniform Resource Identifier <a href="http://www.loc.gov/catdir/enhancements/fy0633/2006285738-t.html">http://www.loc.gov/catdir/enhancements/fy0633/2006285738-t.html</a>
906 ## - LOCAL DATA ELEMENT F, LDF (RLIN)
a 7
b cbc
c copycat
d 2
e ncip
f 20
g y-gencatlg
942 ## - ADDED ENTRY ELEMENTS (KOHA)
Source of classification or shelving scheme Library of Congress Classification
Koha item type Books
Holdings
Withdrawn status Lost status Source of classification or shelving scheme Damaged status Home library Current library Shelving location Date acquired Source of acquisition Sub Shelving location Total Checkouts Total Renewals Full call number Barcode Date last seen Date checked out Price effective from Koha item type Public note
    Library of Congress Classification   Luxembourg Library Luxembourg Library High School Section 09/15/2015 Library Fund   4 14 BJ 1661 .C873 2006 20113 03/27/2017 03/15/2017 09/15/2015 Books Be Amazing, Be Southville!

The 6 most important decisions you'll ever make :

APA

Covey S., . (2006). The 6 most important decisions you'll ever make. New York: Fireside.

Chicago

Covey Sean, . 2006. The 6 most important decisions you'll ever make. New York: Fireside.

Harvard

Covey S., . (2006). The 6 most important decisions you'll ever make. New York: Fireside.

MLA

Covey Sean, . The 6 most important decisions you'll ever make. New York: Fireside. 2006.

  • Place hold
  • Print
  • Cite
  • Add to your cart (remove)
  • Save record
    BIBTEX Dublin Core MARCXML MARC (non-Unicode/MARC-8) MARC (Unicode/UTF-8) MARC (Unicode/UTF-8, Standard) MODS (XML) RIS
  • More searches
    Search for this title in:
    Other Libraries (WorldCat) Other Databases (Google Scholar) Online Stores (Bookfinder.com) Open Library (openlibrary.org)

Exporting to Dublin Core...

SOUTHVILLE LIBRARY

Southville International School and Colleges Library

1281 Tropical Ave. Cor. Luxembourg St., BF Homes International, Las Pinas City

Tel. No. 8256374 / 252358 Loc. 117/146

Powered by Koha